000 00632nam a22001937a 4500
005 20160120153205.0
010 _aENG-114544
020 _a9788178441931
_c1495.00
035 _aEN-98076
037 _bDBAD/PUB
082 _a302.23
100 _aDibyanshu Kumar
245 _aTechnological innovations in media and communications /
_cby Dibyanshu Kumar
260 _aNew Delhi
_bK.K.Publications
_c2014
270 _a4806/24, Bharat Ram Road , Darya Ganj,
_bNew Delhi
_e110002
300 _aviii,288p.
_c24cm(Hb)
500 _aIncludes bibliographical references and index
942 _2ddc
_cEN
_h302.23
_mDIB
999 _c98394
_d98394